000 00785nam a22001937a 4500
999 _c187295
_d187295
005 20220411152426.0
010 _aUR-11516
020 _c100.00
_a9789380395449
035 _aU-10071
037 _bDBAD/PUB
_a-
082 _a841.8
_2Ist
100 _aنز ير فتح پو ر ی
245 _aا ر شد مينا نگر ی :پتھر و ں کو ز با ن د ينے و ا لا شا عر
_c نز ير فتح پو ر ی
_hا ر د و
246 _bArshad Meena Nagri : Pathron Ko Zuban Dene Wala Shair(Urdu)
_aby Nazir Fatehpuri
260 _aPune
_bAsbaque Publications
_c2017 ء
270 _a230/B/102,Saira Manzil,Viman Darshan,Sanjay Park,Lohgaon Road,
_bPune
_e411032
_k9822516338
_l-
300 _a96 ص
_c22 Cm(Hb)
942 _2ddc
_cUR
_h841.8
_mن ز ی